Advanced financial accounting/ (Record no. 3276)

000 -LEADER
fixed length control field 00551nam a2200205 4500
003 - CONTROL NUMBER IDENTIFIER
control field OSt
005 - DATE AND TIME OF LATEST TRANSACTION
control field 20211029073721.0
008 - FIXED-LENGTH DATA ELEMENTS--GENERAL INFORMATION
fixed length control field 211029b ||||| |||| 00| 0 eng d
020 ## - INTERNATIONAL STANDARD BOOK NUMBER
International Standard Book Number 9966442049
040 ## - CATALOGING SOURCE
Transcribing agency Alupe University
050 ## - LIBRARY OF CONGRESS CALL NUMBER
Classification number HF5630
Item number .N96 1985
100 ## - MAIN ENTRY--PERSONAL NAME
Personal name Nzomo, N. D.
245 ## - TITLE STATEMENT
Title Advanced financial accounting/
Statement of responsibility, etc. N. D. Nzomo
250 ## - EDITION STATEMENT
Edition statement rev. edition
260 ## - PUBLICATION, DISTRIBUTION, ETC.
Place of publication, distribution, etc. Nairobi
Name of publisher, distributor, etc. Kenya Literature Bureau
Date of publication, distribution, etc. 1985
300 ## - PHYSICAL DESCRIPTION
Extent xx, 683p. ;
Other physical details ill.
Dimensions 16 cm
500 ## - GENERAL NOTE
General note Includes Index
650 ## - SUBJECT ADDED ENTRY--TOPICAL TERM
Topical term or geographic name entry element Commerce
942 ## - ADDED ENTRY ELEMENTS (KOHA)
Source of classification or shelving scheme
Koha item type Book
Suppress in OPAC SO
Holdings
Withdrawn status Lost status Source of classification or shelving scheme Damaged status Not for loan Permanent Location Current Location Shelving location Date acquired Source of acquisition Total Checkouts Full call number Barcode Date last seen Date last checked out Price effective from Koha item type Public note
          AU LIBRARY AU LIBRARY Open Shelf 29.10.2021 DONATION FROM CAPITAL MARKET AUTHORITY 1 HF5630 .N96 1985 28004472 29.11.2021 17.11.2021 29.10.2021 Book SO

Powered by Koha